Yagnob Valley - nature, history, and chances of a mountain community development in Tadjikistan (Запись № 2891327)

Подробности
000 -МАРКЕР
контрольное поле 02042nam0a2200325 4500
001 - ИДЕНТИФИКАТОР ЗАПИСИ
контрольное поле RU\NLR\b_ik\115764
005 - ИДЕНТИФИКАТОР ВЕРСИИ
контрольное поле 20250616225419.0
010 ## - МЕЖДУНАРОДНЫЙ СТАНДАРТНЫЙ НОМЕР КНИГИ (ISBN)
Номер (ISBN) 5-87317-107-6
035 ## - ДРУГИЕ СИСТЕМНЫЕ НОМЕРА
Идентификатор записи (NLR Aleph) 002189398
100 ## - ДАННЫЕ ОБЩЕЙ ОБРАБОТКИ
Данные общей обработки 20040803d2002 |||y0rusy50 ca
101 1# - ЯЗЫК РЕСУРСА
Язык текста, звукозаписи и т.д. английский
-- русский
Язык оригинала русский
Язык резюме русский
102 ## - СТРАНА ПУБЛИКАЦИИ ИЛИ ПРОИЗВОДСТВА
Страна публикации российская федерация
105 ## - ПОЛЕ КОДИРОВАННЫХ ДАННЫХ: ТЕКСТОВЫЕ МАТЕРИАЛЫ, МОНОГРАФИЧЕСКИЕ
Кодированные данные о монографическом текстовом документе ab |||||||||
200 1# - ЗАГЛАВИЕ И СВЕДЕНИЯ ОБ ОТВЕТСТВЕННОСТИ
Основное заглавие Yagnob Valley - nature, history, and chances of a mountain community development in Tadjikistan
Первые сведения об ответственности A. Gunya
Последующие сведения об ответственности Ed. by Corresp. Member of Russ. acad. of sciences N.F. Glazovsky
-- [Transl. from Russian by V. Klassen]
-- Inst. of geography, Russ. acad. of sciences, Intern. progr. "Leadership for environment a. development"
210 ## - ПУБЛИКАЦИЯ, РАСПРОСТРАНЕНИЕ И ДР.
Место издания, распространения и т.д. M.
Имя издателя, распространителя и т. д. KMK sci. press
Дата издания, распространения и т.д. 2002
215 ## - ФИЗИЧЕСКАЯ ХАРАКТЕРИСТИКА
Специфическое обозначение материала и объем 107 с.
Другие сведения о физической характеристике ил., карт.
Размеры 24
300 ## - ОБЩИЕ ПРИМЕЧАНИЯ
Текст примечания На обороте тит. л.: Долина р. Ягноб - природа, история освоения и возможности развития горного сообщества в Таджикистане / Гуня А.Н.
300 ## - ОБЩИЕ ПРИМЕЧАНИЯ
Текст примечания Текст и рез. на англ. и рус. яз.
320 ## - ПРИМЕЧАНИЯ О НАЛИЧИИ В ДОКУМЕНТЕ БИБЛИОГРАФИИ / УКАЗАТЕЛЯ
Текст примечания Библиогр.: с. 86-87 (53 назв.)
454 #0 - ОРИГИНАЛ (ПЕРЕВОДА)
Встроенное поле 2001#$aДолина р. Ягноб - природа, история освоения и возможности развития горного сообщества в Таджикистане$zrus
-- 790#1$aГуня$bА. Н.$gАлексей Николаевич$3RU\NLR\AUTH\7790860$4070
Заглавие Долина р. Ягноб - природа, история освоения и возможности развития горного сообщества в Таджикистане
606 0# - НАИМЕНОВАНИЕ ТЕМЫ КАК ПРЕДМЕТ
Наименование темы Природа
Географический подзаголовок Ягнобская долина (Таджикистан, Республика)
Системный номер авторитетной/нормативной записи 2344264
Идентификатор авторитетной/нормативной записи RU\NLR\AUTH\661401015
686 4# - ИНДЕКСЫ ДРУГИХ КЛАССИФИКАЦИЙ
Индекс У04(2Т)
686 4# - ИНДЕКСЫ ДРУГИХ КЛАССИФИКАЦИЙ
Индекс Д829(54Т)
700 #1 - ИМЯ ЛИЦА - ПЕРВИЧНАЯ ОТВЕТСТВЕННОСТЬ
Начальный элемент ввода Gunija
Часть имени, кроме начального элемента ввода A. N.
Расширение инициалов личного имени Aleksej Nikolaevič
Код отношения Автор
801 #0 - ИСТОЧНИК ЗАПИСИ
Страна российская федерация
Организация NLR
Дата составления 20040803
Правила каталогизации PSBO
942 ## - ДОПОЛНИТЕЛЬНЫЕ ЭЛЕМЕНТЫ ЗАПИСИ (АБИС)
Тип экземпляра АБИС Книга
980 ## - КОЛЛЕКЦИЯ
Название коллекции Национальная библиография
Экземпляры
Тип экземпляра Дата поступления Источник поступления Библиотека постоянного хранения Библиотека текущего хранения Место хранения Шифр хранения Штрих-код Статус не для выдачи Публичное примечание
Книга 03.08.2004 Обязательный экземпляр РНБ (Московский) РНБ (Московский) Иностранный книжный фонд Ик 2004-7/1890 1027082   ;